Archangel / (Record no. 123560)
[ view plain ]
| 000 -LEADER | |
|---|---|
| fixed length control field | 00728mam a2200277 a 4500 |
| 001 - CONTROL NUMBER | |
| control field | 2219271 |
| 003 - CONTROL NUMBER IDENTIFIER | |
| control field | ARRUPE |
| 005 - DATE AND TIME OF LATEST TRANSACTION | |
| control field | 20151020145726.0 |
| 008 - FIXED-LENGTH DATA ELEMENTS--GENERAL INFORMATION | |
| fixed length control field | 981012s1998 enk 000 1 eng d |
| 010 ## - LIBRARY OF CONGRESS CONTROL NUMBER | |
| LC control number | gb 98071724 |
| 015 ## - NATIONAL BIBLIOGRAPHY NUMBER | |
| National bibliography number | GB98-71724 |
| 020 ## - INTERNATIONAL STANDARD BOOK NUMBER | |
| International Standard Book Number | 0091779243 |
| 020 ## - INTERNATIONAL STANDARD BOOK NUMBER | |
| International Standard Book Number | 0091801370 (pbk) |
| 035 ## - SYSTEM CONTROL NUMBER | |
| System control number | (OCoLC)42863299 |
| 035 ## - SYSTEM CONTROL NUMBER | |
| System control number | (OCoLC)ocm42863299 |
| 035 ## - SYSTEM CONTROL NUMBER | |
| System control number | (NNC)2219271 |
| 040 ## - CATALOGING SOURCE | |
| Original cataloging agency | UKM |
| Transcribing agency | UKM |
| Modifying agency | NNC |
| 050 #4 - LIBRARY OF CONGRESS CALL NUMBER | |
| Classification number | PR6058.A69147 |
| Item number | A89 1998 |
| 300 ## - PHYSICAL DESCRIPTION | |
| Dimensions | 25 cm. |
| 100 1# - MAIN ENTRY--PERSONAL NAME | |
| Personal name | Harris, Robert, |
| Dates associated with a name | 1957- |
| 9 (RLIN) | 20383 |
| 245 10 - TITLE STATEMENT | |
| Title | Archangel / |
| Statement of responsibility, etc | Robert Harris. |
| 260 ## - PUBLICATION, DISTRIBUTION, ETC. (IMPRINT) | |
| Place of publication, distribution, etc | London : |
| Name of publisher, distributor, etc | Hutchinson, |
| Date of publication, distribution, etc | 1998. |
| 300 ## - PHYSICAL DESCRIPTION | |
| Extent | 421 p. ; |
| 655 #7 - INDEX TERM--GENRE/FORM | |
| Genre/form data or focus term | Suspense fiction. |
| Source of term | gsafd |
| 9 (RLIN) | 20384 |
| 942 ## - ADDED ENTRY ELEMENTS (KOHA) | |
| Source of classification or shelving scheme | Library of Congress Classification |
| Koha item type | Monograph ( Printed materials) |
| Withdrawn status | Lost status | Source of classification or shelving scheme | Damaged status | Not for loan | Collection code | Home library | Current library | Shelving location | Date acquired | Total Checkouts | Full call number | Barcode | Date last seen | Price effective from | Koha item type |
|---|---|---|---|---|---|---|---|---|---|---|---|---|---|---|---|
| Library of Congress Classification | Main Collection | ARRUPE LIBRARY | ARRUPE LIBRARY | Main Collection | 20/10/2015 | PZ4.H315 A2 1998 | 46500005324 | 02/07/2019 | 20/10/2015 | Monograph ( Printed materials) |